Trh s liekmi
Z obsahu: Na Slovensku výrazne rastie spotreba liekov. Novelizácia zákona o Liečebnom poriadku prinesie zmeny do systému kategorizácie liečiv. Rast výdavkov za lieky bude pokračovať, no dôležité je dostať ho pod kontrolu.
Salvato in:
| Autore principale: | |
|---|---|
| Natura: | Capitolo di libro |
| Lingua: | slovacco |
| Soggetti: | |
| Tags: |
Nessun Tag, puoi essere il primo ad aggiungerne!!
|
MARC
| LEADER | 00000naa a2200000 4500 | ||
|---|---|---|---|
| 001 | r027588 | ||
| 005 | 20230921081059.0 | ||
| 041 | 0 | |a slo | |
| 044 | |a SK | ||
| 245 | 1 | 0 | |a Trh s liekmi |c Vojtech Gossányi |
| 520 | |a Z obsahu: Na Slovensku výrazne rastie spotreba liekov. Novelizácia zákona o Liečebnom poriadku prinesie zmeny do systému kategorizácie liečiv. Rast výdavkov za lieky bude pokračovať, no dôležité je dostať ho pod kontrolu. | ||
| 610 | 2 | 0 | |a liečivá |
| 610 | 2 | 0 | |a zdravotníctvo |
| 610 | 2 | 0 | |a výdavky |
| 610 | 2 | 0 | |a spotreba |
| 610 | 2 | 0 | |a trh |
| 610 | 2 | 0 | |a novelizácia |
| 610 | 2 | 0 | |a poriadok liečebný |
| 610 | 2 | 0 | |a zákony |
| 610 | 2 | 0 | |a Slovensko |
| 100 | 1 | |a Gossányi, Vojtech | |